UM Logo

The neural representation of self is recapitulated in the brains of friends : (Record no. 18388)

MARC details
000 -LEADER
fixed length control field 00912nam a22002177a 4500
003 - CONTROL NUMBER IDENTIFIER
control field OSt
005 - DATE AND TIME OF LATEST TRANSACTION
control field 20250820090851.0
008 - FIXED-LENGTH DATA ELEMENTS--GENERAL INFORMATION
fixed length control field 231024b ||||| |||| 00| 0 eng d
040 ## - CATALOGING SOURCE
Transcribing agency 0
082 ## - DEWEY DECIMAL CLASSIFICATION NUMBER
Classification number DPer 155.205 J826 January-March 2020 v. 118 n. 1-3
100 ## - MAIN ENTRY--PERSONAL NAME
Personal name Chavez, Robert S.
Relator term author.
9 (RLIN) 49833
245 ## - TITLE STATEMENT
Title The neural representation of self is recapitulated in the brains of friends :
Remainder of title a round-Robin fMRI study /
Statement of responsibility, etc. Robert S. Chavez, and Dylan D. Wagner.
260 ## - PUBLICATION, DISTRIBUTION, ETC. (IMPRINT)
Place of publication, distribution, etc. Washington ;
Name of publisher, distributor, etc. American Psychological Association ,
Date of publication, distribution, etc. March 2020.
300 ## - PHYSICAL DESCRIPTION
Extent volume 118, pages 407-416 :
Other physical details illustration ;
Dimensions 28 cm.
500 ## - GENERAL NOTE
General note Journal of Personality and Social Psychology, v. 118, no. 3, pages 407-416, March 2020.
650 ## - SUBJECT ADDED ENTRY--TOPICAL TERM
Topical term or geographic name as entry element Self-consciousness.
9 (RLIN) 48561
650 ## - SUBJECT ADDED ENTRY--TOPICAL TERM
Topical term or geographic name as entry element Personality.
9 (RLIN) 49834
700 ## - ADDED ENTRY--PERSONAL NAME
Personal name Chavez, Robert S.
Relator term author.
9 (RLIN) 49833
700 ## - ADDED ENTRY--PERSONAL NAME
Personal name Wagner, Dylan D.
Relator term author.
9 (RLIN) 49835
942 ## - ADDED ENTRY ELEMENTS (KOHA)
Source of classification or shelving scheme Dewey Decimal Classification
Koha item type Periodicals
Holdings
Withdrawn status Lost status Source of classification or shelving scheme Damaged status Not for loan Collection code Home library Current library Date acquired Total Checkouts Full call number Date last seen Price effective from Koha item type Public note
    Dewey Decimal Classification     Periodicals UM Digos College - LIC UM Digos College - LIC 10/24/2023   Dper 155.205 J826 January-March 2020 v. 118 n. 1-3 10/24/2023 10/24/2023 Periodicals Periodical Article